| 000 | 00575nam a2200181 a 4500 | ||
|---|---|---|---|
| 001 | 000047360 | ||
| 005 | 20240412074306.0 | ||
| 008 | 180508s1996 dr 000 p spa d | ||
| 040 |
_aDO-SdBNP _bspa _cBNPHU |
||
| 082 |
_aRD861.5 _bL581t |
||
| 100 | 1 |
_aLeonardo de Núñez, Reina _919078 |
|
| 245 | 1 | 0 |
_aTiempo y desafío : _bpoesías y pensamientos / _cReina Leonardo de Núñez. |
| 260 |
_aLa Vega, República Dominicana, _c1996. |
||
| 300 |
_a72 p. ; _c22 cm. |
||
| 590 | _aInventariado, 2019/VM | ||
| 650 | 0 |
_aPoesía dominicana _966 |
|
| 650 | 0 |
_aLiteratura dominicana. _967 |
|
| 999 |
_c46848 _d46848 |
||